|
|
|
|
| LEADER |
00948nab a2200265 i 4500 |
| 001 |
publ18142 |
| 005 |
20200203162213.0 |
| 008 |
200203s2019 hu o 0|| zxx d |
| 022 |
|
|
|a 2090-6722
|
| 024 |
7 |
|
|a 10.1155/2019/5830493
|2 doi
|
| 024 |
7 |
|
|a 30877647
|2 mtmt
|
| 040 |
|
|
|a SZTE Publicatio Repozitórium
|b hun
|
| 041 |
|
|
|a zxx
|
| 100 |
1 |
|
|a Vass Attila Balázs
|
| 245 |
1 |
0 |
|a Giant Squamous Cell Papilloma of the Eyelid—Diagnostic and Therapeutic Challenges
|h [elektronikus dokumentum] /
|c Vass Attila Balázs
|
| 260 |
|
|
|c 2019
|
| 300 |
|
|
|a Azonosító: 5830493-Terjedelem: 4 p
|
| 490 |
0 |
|
|a CASE REPORTS IN OPHTHALMOLOGICAL MEDICINE
|v 2019
|
| 700 |
0 |
1 |
|a Vass Gábor
|e aut
|
| 700 |
0 |
1 |
|a Kis Erika Gabriella
|e aut
|
| 700 |
0 |
1 |
|a Kuthi Levente
|e aut
|
| 700 |
0 |
1 |
|a Oláh Judit Magdolna
|e aut
|
| 700 |
0 |
1 |
|a Hortobágyi Tibor
|e aut
|
| 700 |
0 |
2 |
|a Tóth-Molnár Edit
|e aut
|
| 856 |
4 |
0 |
|u http://publicatio.bibl.u-szeged.hu/18142/1/5830493.pdf
|z Dokumentum-elérés
|